Normal view
MARC view
Entry Topical Term
001 - CONTROL NUMBER
- control field: 777464
003 - CONTROL NUMBER IDENTIFIER
- control field: OSt
005 - DATE AND TIME OF LATEST TRANSACTION
- control field: 20250508164137.0
008 - FIXED-LENGTH DATA ELEMENTS
- fixed length control field: 250508|| aca||aabn | a|a d
040 ## - CATALOGING SOURCE
- Original cataloging agency: OSt
- Transcribing agency: OSt
150 ## - HEADING--TOPICAL TERM
- Topical term or geographic name entry element: Critical pedagogy; Education - Philosophy; Education - Sociology
670 ## - SOURCE DATA FOUND
- Source citation: Work cat.: (OSt)1387300: Leonardo Zeus Ed. 295707, Critical pedagogy and race, 2005
